[Event "POL-chT 2nd League"]
[Site "Jastrzebia Gora"]
[Date "2023.09.09"]
[Round "8.83"]
[White "Wozny, Tomasz"]
[Black "Worobiej, Daniel"]
[Result "0-1"]
[WhiteElo "1757"]
[BlackElo "1927"]
[PlyCount "62"]
[EventDate "2023.09.02"]
[EventType "team-swiss"]
[EventRounds "9"]
[EventCountry "POL"]
[SourceTitle "CBM 216 Extra"]
[Source "ChessBase"]
[SourceDate "2023.11.30"]
[SourceVersion "1"]
[SourceVersionDate "2023.11.30"]
[SourceQuality "1"]
[WhiteTeam "Rzeszow Szachownica"]
[BlackTeam "Warszawa Zugzwang"]
[WhiteTeamCountry "POL"]
[BlackTeamCountry "POL"]

1. d4 d5 2. Nf3 Nf6 3. c4 c6 4. Nc3 e6 5. g3 dxc4 6. a4 Bb4 7. Qc2 0-0 8. Bg2 a5 9. 0-0 Nbd7 10. e4 e5 11. Rd1 Qe7 12. Bg5 h6 13. Bxf6 Qxf6 14. d5 Nc5 15. Nd2 b5 16. dxc6 Bxc3 17. Qxc3 Nxa4 18. Rxa4 bxa4 19. Qxc4 Ra6 20. Rc1 Rd8 21. Nf3 Rd6 22. Qxa4 Raxc6 23. Re1 Bg4 24. Nh4 Rd2 25. f3 Rcc2 26. f4 Qb6+ 27. Kh1 Rxg2 28. Nxg2 Qf2 29. Rg1 Qxg2+ 30. Rxg2 Rc1+ 31. Rg1 Bf3# 0-1

[Event "EU-ch blitz"]
[Site "Katowice"]
[Date "2017.12.15"]
[Round "2"]
[White "Kovalev, Vladislav"]
[Black "Wozny, Tomasz"]
[Result "1-0"]
[WhiteElo "2639"]
[BlackElo "1755"]
[PlyCount "46"]
[EventDate "2017.12.15"]
[EventType "swiss (blitz)"]
[EventRounds "22"]
[EventCountry "POL"]
[SourceTitle "CBM 182 Extra"]
[Source "ChessBase"]
[SourceDate "2018.02.23"]
[SourceVersion "1"]
[SourceVersionDate "2018.02.23"]
[SourceQuality "1"]

1. d4 d5 2. Bf4 c6 3. e3 Nf6 4. Nf3 e6 5. Bd3 Nbd7 6. 0-0 Be7 7. h3 c5 8. c3 a6 9. Nbd2 b5 10. e4 dxe4 11. Nxe4 Bb7 12. Nd6+ Bxd6 13. Bxd6 c4 14. Bc2 Qb6 15. Bh2 0-0 16. Qe2 h6 17. Ne5 Nxe5 18. Bxe5 Qc6 19. f3 Nd7 20. Bh2 Rfe8 21. Rae1 Rad8 22. Qf2 a5 23. Re4 Qb6 1-0

[Event "EU-ch blitz"]
[Site "Katowice"]
[Date "2017.12.15"]
[Round "1"]
[White "Wozny, Tomasz"]
[Black "Kovalev, Vladislav"]
[Result "0-1"]
[WhiteElo "1755"]
[BlackElo "2639"]
[PlyCount "70"]
[EventDate "2017.12.15"]
[EventType "swiss (blitz)"]
[EventRounds "22"]
[EventCountry "POL"]
[SourceTitle "CBM 182 Extra"]
[Source "ChessBase"]
[SourceDate "2018.02.23"]
[SourceVersion "1"]
[SourceVersionDate "2018.02.23"]
[SourceQuality "1"]

1. d4 Nf6 2. Nf3 g6 3. g3 Bg7 4. Bg2 0-0 5. 0-0 d6 6. c4 Nbd7 7. Nc3 e5 8. dxe5 Nxe5 9. Nxe5 dxe5 10. e4 c6 11. Bg5 Be6 12. Qe2 Qd4 13. Rfd1 Qxc4 14. Qxc4 Bxc4 15. Bxf6 Bxf6 16. Rd7 Rab8 17. Bh3 Rfd8 18. Rad1 Kf8 19. b3 Ba6 20. Na4 Be2 21. Rxd8+ Bxd8 22. Rd2 Bf3 23. Nc5 Ke8 24. Nd7 Ra8 25. Nxe5 Bxe4 26. Re2 f5 27. f3 Bb6+ 28. Kg2 Bd5 29. Nxc6+ Kd7 30. Nb4 Be6 31. Rd2+ Ke7 32. Re2 Rd8 33. Nc2 Kf6 34. g4 Rc8 35. gxf5 gxf5 0-1

[Event "POL-chT3 Podkarpackie"]
[Site "Czudec"]
[Date "2016.06.18"]
[Round "6.26"]
[White "Stefanski, Robert"]
[Black "Wozny, Tomasz"]
[Result "0-1"]
[WhiteElo "1568"]
[BlackElo "1758"]
[PlyCount "99"]
[EventDate "2016.05.27"]
[EventType "team-tourn"]
[EventRounds "9"]
[EventCountry "POL"]
[SourceTitle "EXT 2018"]
[Source "ChessBase"]
[SourceDate "2017.10.13"]
[SourceVersion "1"]
[SourceVersionDate "2017.10.13"]
[SourceQuality "1"]
[WhiteTeam "Sedziszow Malopolski"]
[BlackTeam "Przemysl MKS Polonia"]
[WhiteTeamCountry "POL"]
[BlackTeamCountry "POL"]

1. d4 d5 2. e3 Nf6 3. c4 c6 4. Nf3 e6 5. Bd3 Nbd7 6. 0-0 Be7 7. Nc3 0-0 8. b3 b6 9. e4 dxe4 10. Nxe4 Bb7 11. Ng3 c5 12. Bb2 cxd4 13. Bxd4 Nc5 14. Bxc5 Bxc5 15. Qe2 Qc7 16. Ne4 Bxe4 17. Bxe4 Rad8 18. h3 Qf4 19. Bc2 g5 20. Kh1 g4 21. hxg4 Qxg4 22. Qe5 Qh5+ 23. Qxh5 Nxh5 24. g3 f5 25. Kg2 Nf6 26. Rfe1 Rfe8 27. Re2 h6 28. Rae1 Kf7 29. Ne5+ Kg7 30. Nd3 Kf7 31. Ne5+ Kg7 32. Nc6 Rd6 33. Nxa7 Bb4 34. Rd1 Rxd1 35. Bxd1 Ne4 36. Bc2 Nc3 37. Re3 Nxa2 38. Nb5 Bc5 39. Re2 Kf6 40. Bb1 Nb4 41. Nc3 Rd8 42. Na4 Rd1 43. Nxc5 bxc5 44. Bc2 Rc1 45. Bxf5 Kxf5 46. g4+ Kf6 47. Re3 Nc6 48. f4 Nd4 49. Re5 Nxb3 50. Kf3 0-1